Statistics for One Dance Lyrics Drake

Click here to take the quiz!

General Stats

  • This quiz has been taken 823 times
  • The average score is 9 of 10

Answer Stats

LyricsMissing word(s)% Correct
Streets not safe, but I never run ____. Even when I'm ____.Away
98%
That's why I need a ___ _____ Got a Hennessy in my hand.One dance
97%
Grips on your waist Front way,____ ___. You know that I don't play.Back way
96%
I ____ to make it back in one piece I ____, I ____.Pray
94%
You know you gotta stick by __. Soon as you see the text, reply __.Me
90%
Oti, oti, there's never ____ ____ when we go, oti.Much love
89%
Strength and guidance. All that I'm wishing for __ _______.My friends
85%
I don't wanna spend time ________. We've got no time.Fighting
82%
One more time 'fore I go. Higher ______ taking a hold on me.Powers
78%
______ makes it from my ends. I had to bust up the silence.Nobody
68%

Score Distribution

Percentile by Number Answered

Percent of People with Each Score

Your Score History

You have not taken this quiz